<?xml version="1.0" encoding="UTF-8"?>
<record
    xmlns:xsi="http://www.w3.org/2001/XMLSchema-instance"
    xsi:schemaLocation="http://www.loc.gov/MARC21/slim http://www.loc.gov/standards/marcxml/schema/MARC21slim.xsd"
    xmlns="http://www.loc.gov/MARC21/slim">

  <leader>05529nam a2200553uu 4500</leader>
  <controlfield tag="001">1003060</controlfield>
  <controlfield tag="005">20260507074318.0</controlfield>
  <controlfield tag="008">061107s2003                        spa  </controlfield>
  <datafield tag="020" ind1=" " ind2=" ">
    <subfield code="a">8483183005</subfield>
  </datafield>
  <datafield tag="035" ind1=" " ind2=" ">
    <subfield code="a">1003060</subfield>
  </datafield>
  <datafield tag="035" ind1=" " ind2=" ">
    <subfield code="a">(OCoLC)52310585</subfield>
  </datafield>
  <datafield tag="040" ind1=" " ind2=" ">
    <subfield code="c">comduadb</subfield>
  </datafield>
  <datafield tag="041" ind1=" " ind2=" ">
    <subfield code="a">spa</subfield>
  </datafield>
  <datafield tag="082" ind1=" " ind2="4">
    <subfield code="a">155</subfield>
  </datafield>
  <datafield tag="100" ind1="1" ind2="0">
    <subfield code="a">Perinat Maceres, Adolfo</subfield>
    <subfield code="4">edt</subfield>
    <subfield code="e">edt</subfield>
    <subfield code="9">328789</subfield>
  </datafield>
  <datafield tag="245" ind1="1" ind2="4">
    <subfield code="a">Los adolescentes en el siglo XXI : un enfoque psicosocial</subfield>
  </datafield>
  <datafield tag="250" ind1=" " ind2=" ">
    <subfield code="a">1. edici&#xF3;n</subfield>
  </datafield>
  <datafield tag="260" ind1=" " ind2=" ">
    <subfield code="a">Barcelona :</subfield>
    <subfield code="b">Editorial UOC,</subfield>
    <subfield code="c">2003.</subfield>
  </datafield>
  <datafield tag="300" ind1=" " ind2=" ">
    <subfield code="a">270 p&#xE1;ginas</subfield>
  </datafield>
  <datafield tag="490" ind1="0" ind2=" ">
    <subfield code="a">Manuales : Psicopedagogia ;</subfield>
    <subfield code="v">7</subfield>
  </datafield>
  <datafield tag="520" ind1="3" ind2=" ">
    <subfield code="a">CONTENIDO : Pr&#xF3;logo. -- Cap&#xED;tulo I: La adolescencia: perspectiva sociohist&#xF3;rica. -- Introducci&#xF3;n. -- 1: La adolescencia- juventud en la Europa preindustrial. -- 2: De la Revoluci&#xF3;n Francesa a la Revoluci&#xF3;n Industrial: finales del siglo XVIII a finales del siglo XIX. -- 3: El siglo XX: el cenit de la adolescencia. -- Cap&#xED;tulo II: Los adolescentes de la &#x201C;era global&#x201D;. Comienzos del siglo XXI. -- 1: El escenario de la adolescencia actual: la sociedad del cambio de siglo. -- 2: Los adolescentes de la sociedad espa&#xF1;ola de cambio de siglo. -- 3: Ep&#xED;logo: sociedad, &#xE1;mbitos educativos y desarrollo adolescente. -- Cap&#xED;tulo III: Pubertad y psicolog&#xED;a de la adolescencia. -- 1: Formas y contenidos de la maduraci&#xF3;n puberal. -- 2: los tiempos de la pubertad. -- 3: Del cuerpo infantil a la morfolog&#xED;a adulta. -- 4: La puesta en marcha del aparato reproductor. -- 5: El avance secular de la pubertad. -- 6: Representaciones de s&#xED; y autoestima. -- 7: Cogniciones, afectos y conductas. -- 8: Pubertad y sexualidad. -- Cap&#xED;tulo IV: Adolescencia y relaciones familiares. -- 1: Contexto sociocultural de las relaciones familiares. -- 2: El impacto de la adolescencia en el sistema familia. -- 3: Estilos educativos y la transici&#xF3;n adolescente. -- Cap&#xED;tulo V: Adolescentes escolares. -- 1: El colegio, el instituto como &#x201C;marco&#x201D; institucionalizado. -- 2. -- La respuesta adolescente a las funciones instructiva y socializadora del sistema escolar. -- 3: Los alumnos adolescentes, actores en el escenario escolar. -- Cap&#xED;tulo VI: Entre adolescentes: la importancia del grupo en esta etapa de la vida. -- Introducci&#xF3;n. -- 1: El grupo de iguales peer group): elementos conceptuales. -- 2: Actividades y funciones. -- 3: Homogeneidad de los componentes, conformidad al grupo y otros aspectos organizativos. -- 4: Personalizaci&#xF3;n de las relaciones. -- 5: Objetivo: conseguir pareja. -- Conclusiones. -- Cap&#xED;tulo VII: Adolescentes y salud sexual y reproductiva. -- 1: La salud sexual y reproductiva: un derecho de las y los adolescentes. -- 2: La realidad de la salud sexual y reproductiva adolescente en el mundo. -- 3: El embarazo y la maternidad y paternidad adolescente. -- Ap&#xE9;ndice. -- Cap&#xED;tulo VIII: El mundo intelectual del adolescente. -- 1: Paradigmas evolutivos tradicionales y marcos conceptuales contempor&#xE1;neos. -- 2: Las capacidades intelectuales del adolescente. -- 3: La l&#xF3;gica dial&#xE9;ctica frente a la l&#xF3;gica formal. -- 4: &#xBF;Que cambia durante la adolescencia? -- 5: Habilidades espec&#xED;ficas construidas durante la adolescencia. -- 6: El mundo intelectual y su conexi&#xF3;n con otros sistemas psicol&#xF3;gicos. -- Cap&#xED;tulo IX: Perturbaciones en el desarrollo adolescente: depresiones, trastornos alimenticios, drogadicci&#xF3;n, tabaquismo. -- 1: Trastornos de estado de &#xE1;nimo en los adolescentes: depresi&#xF3;n y labilidad afectiva. -- 2: Trastornos de estado de la conducta alimentaria: anorexia y bulimia. -- 3: Drogadicci&#xF3;n. -- 4: Los adolescentes y el consumo de tabaco. -- Bibliograf&#xED;a.</subfield>
  </datafield>
  <datafield tag="520" ind1=" " ind2=" ">
    <subfield code="a">RESUMEN : La tesis de esta obra se fundamenta en que a lo largo de la adolescencia el fen&#xF3;meno biol&#xF3;gico-hormonal y su reconocimiento social est&#xE1;n inseparablemente ligados entre s&#xED;. Por esta raz&#xF3;n, hay que aproximarse al fen&#xF3;meno de la adolescencia desde este doble &#xE1;ngulo: el biol&#xF3;gico y el psicosocial. Los autores de esta obra han realizado un libro asequible para todos aquellos padres, educadores sociales, estudiantes de psicolog&#xED;a y profesionales en general que se interesan o tienen trato directo con los adolescentes.</subfield>
  </datafield>
  <datafield tag="650" ind1=" " ind2=" ">
    <subfield code="a">Adolescentes - Historia - Europa - Siglos XVII y XVIII</subfield>
    <subfield code="9">196501</subfield>
  </datafield>
  <datafield tag="650" ind1=" " ind2=" ">
    <subfield code="a">Adolescencia</subfield>
    <subfield code="9">4749</subfield>
  </datafield>
  <datafield tag="650" ind1=" " ind2="7">
    <subfield code="a">Psicolog&#xED;a del adolescente</subfield>
    <subfield code="2">lemb</subfield>
    <subfield code="9">31974</subfield>
  </datafield>
  <datafield tag="650" ind1=" " ind2="0">
    <subfield code="a">Adolescentes - Conducta sexual</subfield>
    <subfield code="9">74813</subfield>
  </datafield>
  <datafield tag="650" ind1=" " ind2=" ">
    <subfield code="a">Depresi&#xF3;n en el adolescente</subfield>
    <subfield code="9">165300</subfield>
  </datafield>
  <datafield tag="650" ind1=" " ind2=" ">
    <subfield code="a">Estudiantes adolescentes</subfield>
    <subfield code="9">139797</subfield>
  </datafield>
  <datafield tag="650" ind1=" " ind2=" ">
    <subfield code="a">Sexualidad del adolescente</subfield>
    <subfield code="9">1585</subfield>
  </datafield>
  <datafield tag="650" ind1=" " ind2=" ">
    <subfield code="a">Trastornos de la nutricion en adolescentes</subfield>
    <subfield code="9">24439</subfield>
  </datafield>
  <datafield tag="650" ind1=" " ind2=" ">
    <subfield code="a">Madres adolescentes</subfield>
    <subfield code="9">2092</subfield>
  </datafield>
  <datafield tag="650" ind1=" " ind2=" ">
    <subfield code="a">Padres adolescentes</subfield>
    <subfield code="9">39230</subfield>
  </datafield>
  <datafield tag="650" ind1=" " ind2="7">
    <subfield code="a">H&#xE1;bito de fumar</subfield>
    <subfield code="2">lemb</subfield>
    <subfield code="9">19723</subfield>
  </datafield>
  <datafield tag="650" ind1=" " ind2="7">
    <subfield code="a">Relaciones familiares</subfield>
    <subfield code="2">lemb</subfield>
    <subfield code="9">70811</subfield>
  </datafield>
  <datafield tag="650" ind1=" " ind2=" ">
    <subfield code="a">Pubertad</subfield>
    <subfield code="9">549</subfield>
  </datafield>
  <datafield tag="650" ind1=" " ind2=" ">
    <subfield code="a">Adolescencia - Espa&#xF1;a</subfield>
    <subfield code="9">196500</subfield>
  </datafield>
  <datafield tag="650" ind1=" " ind2="7">
    <subfield code="a">J&#xF3;venes</subfield>
    <subfield code="x">Consumo de drogas</subfield>
    <subfield code="2">lemb</subfield>
    <subfield code="9">204924</subfield>
  </datafield>
  <datafield tag="700" ind1="1" ind2="0">
    <subfield code="a">Corral Inigo, Antonio</subfield>
    <subfield code="4">aut</subfield>
    <subfield code="e">aut</subfield>
    <subfield code="9">349012</subfield>
  </datafield>
  <datafield tag="700" ind1="1" ind2="0">
    <subfield code="a">Crespo Garcia, Isabel</subfield>
    <subfield code="4">aut</subfield>
    <subfield code="e">aut</subfield>
    <subfield code="9">507271</subfield>
  </datafield>
  <datafield tag="700" ind1="1" ind2="0">
    <subfield code="a">Domenech Llaberia, Edelmira</subfield>
    <subfield code="4">aut</subfield>
    <subfield code="e">aut</subfield>
    <subfield code="9">501264</subfield>
  </datafield>
  <datafield tag="700" ind1="1" ind2="0">
    <subfield code="a">Font Mayolas, Silvia</subfield>
    <subfield code="4">aut</subfield>
    <subfield code="e">aut</subfield>
    <subfield code="9">550294</subfield>
  </datafield>
  <datafield tag="700" ind1="1" ind2="0">
    <subfield code="a">Lalueza Sazatornil, Jose Luis</subfield>
    <subfield code="4">aut</subfield>
    <subfield code="e">aut</subfield>
    <subfield code="9">272434</subfield>
  </datafield>
  <datafield tag="700" ind1="1" ind2="0">
    <subfield code="a">Martinez Criado, Gerardo</subfield>
    <subfield code="4">aut</subfield>
    <subfield code="e">aut</subfield>
    <subfield code="9">406279</subfield>
  </datafield>
  <datafield tag="700" ind1="1" ind2="0">
    <subfield code="a">Moncada Ribera, Albert</subfield>
    <subfield code="4">aut</subfield>
    <subfield code="e">aut</subfield>
    <subfield code="9">379921</subfield>
  </datafield>
  <datafield tag="700" ind1="1" ind2="0">
    <subfield code="a">Raguz, Maria</subfield>
    <subfield code="4">aut</subfield>
    <subfield code="e">aut</subfield>
    <subfield code="9">328021</subfield>
  </datafield>
  <datafield tag="700" ind1="1" ind2="0">
    <subfield code="a">Rodriguez Tome, Hector</subfield>
    <subfield code="4">aut</subfield>
    <subfield code="e">aut</subfield>
    <subfield code="9">251735</subfield>
  </datafield>
  <datafield tag="700" ind1="1" ind2="0">
    <subfield code="a">Larraburu, Isabel S.</subfield>
    <subfield code="4">aut</subfield>
    <subfield code="e">aut</subfield>
    <subfield code="9">428890</subfield>
  </datafield>
  <datafield tag="942" ind1=" " ind2=" ">
    <subfield code="c">BOOK</subfield>
  </datafield>
  <datafield tag="999" ind1=" " ind2=" ">
    <subfield code="c">405053</subfield>
    <subfield code="d">405053</subfield>
  </datafield>
  <datafield tag="952" ind1=" " ind2=" ">
    <subfield code="0">0</subfield>
    <subfield code="1">0</subfield>
    <subfield code="4">0</subfield>
    <subfield code="7">0</subfield>
    <subfield code="8">GEN</subfield>
    <subfield code="a">BC</subfield>
    <subfield code="b">BC</subfield>
    <subfield code="d">2006-11-07</subfield>
    <subfield code="e">Plaza &amp; Jan&#xE9;s</subfield>
    <subfield code="g">82600.00</subfield>
    <subfield code="i">C929744</subfield>
    <subfield code="l">0</subfield>
    <subfield code="o">155 PER</subfield>
    <subfield code="p">0572063</subfield>
    <subfield code="r">2024-09-07 00:00:00</subfield>
    <subfield code="t">1</subfield>
    <subfield code="w">2023-04-27</subfield>
    <subfield code="y">BOOK</subfield>
  </datafield>
  <datafield tag="952" ind1=" " ind2=" ">
    <subfield code="0">0</subfield>
    <subfield code="1">0</subfield>
    <subfield code="4">0</subfield>
    <subfield code="7">0</subfield>
    <subfield code="8">GEN</subfield>
    <subfield code="a">BC</subfield>
    <subfield code="b">BC</subfield>
    <subfield code="d">2012-08-30</subfield>
    <subfield code="e">Plaza &amp; Janes</subfield>
    <subfield code="g">118000.00</subfield>
    <subfield code="i">C1153568</subfield>
    <subfield code="l">1</subfield>
    <subfield code="o">155.5 A239 e2</subfield>
    <subfield code="p">89620</subfield>
    <subfield code="r">2024-07-26 00:00:00</subfield>
    <subfield code="s">2024-05-09</subfield>
    <subfield code="t">1</subfield>
    <subfield code="w">2023-04-27</subfield>
    <subfield code="y">BOOK</subfield>
  </datafield>
</record>
